Name The Basketball Player - Statistics

General Stats
  • This quiz has been taken 4,041 times
    4,028 since last reset
  • The average score is 31 of 44
Answer Stats
First Name Last Name % Correct
LeBron James
100%
Magic Johnson
98%
Michael Jordan
97%
Jerry West
95%
Kobe Bryant
93%
Derrick Rose
93%
Russell Westbrook
93%
Larry Bird
92%
Carmelo Anthony
91%
Dwight Howard
91%
Dwyane Wade
89%
Julius Erving
88%
Kyrie Irving
88%
Rajon Rondo
86%
Shaquille O'Neal
84%
Ray Allen
83%
Wilt Chamberlain
80%
Tracy McGrady
79%
DeMar DeRozan
78%
Clyde Drexler
76%
Pau Gasol
76%
Joakim Noah
76%
Kareem Abdul-Jabbar
73%
Dirk Nowitzki
72%
Dominique Wilkins
72%
Hakeem Olajuwon
69%
Oscar Robertson
68%
Dennis Rodman
68%
Metta World Peace
67%
Luol Deng
62%
Rudy Gay
62%
Rasheed Wallace
59%
Deron Williams
58%
Monta Ellis
56%
Manu Ginobili
55%
Tayshaun Prince
51%
Carlos Boozer
48%
Amare Stoudemire
48%
Caron Butler
44%
Rashard Lewis
40%
Peja Stojakovic
39%
Hasheem Thabeet
38%
Andre Iguodala
34%
Omer Asik
31%
No matching quizzes found
Score Distribution
Percent of People with Each Score
Percentile by Number Answered
Your Score History
You have not taken this quiz since the last reset